Personnages de Detroit: Become Human en images - Statistiques

Statistiques générales
  • Ce quiz a été pris 58 fois
  • Le résultat moyen est 12 sur 20
Statistiques - réponses
Par images Réponse % Correct
Connor
95%
Hank Anderson
91%
Kara
91%
Markus
82%
Alice
77%
North
70%
Luther
68%
Carl Manfred
64%
Josh
64%
Simon
64%
Sumo
61%
Todd Williams
59%
Amanda Stern
57%
Rose Chapman
55%
Elijah Kamski
50%
Jerry
39%
Traci
39%
Zlatko Andronikov
39%
Gavin Reed
34%
Ralph
32%
Aucun quiz correspondant
Distribution des résultats
% des personnes avec chaque résultat
Percentile par nombre de réponses
Votre historique - résultats
Vous n’avez pas pris ce quiz